|
|
|
|
| LEADER |
01313nam a22002657a 4500 |
| 001 |
32475 |
| 003 |
BD-DhAAL |
| 005 |
20250408124354.0 |
| 008 |
171130t1997 bg a|||| |||| 00| 0 eng d |
| 040 |
|
|
|a BD-DhAAL
|c BD-DhAAL
|
| 082 |
|
|
|a 306.095492
|2 22
|
| 245 |
|
|
|a Research reports,
|p (1997),
|b social studies.
|n Volume XVI.
|
| 264 |
|
|
|a Dhaka :
|b Research and Evaluation Division, BRAC,
|c 1997.
|
| 300 |
|
|
|a 308 pages :
|b illustrations ;
|c 30 cm.
|
| 362 |
|
|
|a Vol. 16
|
| 504 |
|
|
|a Includes bibliographical references.
|
| 541 |
|
|
|a Complimentary copy from Research and Evaluation Division (RED), BRAC
|e 32475, 42865
|
| 610 |
|
|
|a BRAC.
|9 14405
|
| 651 |
|
|
|a Bangladesh
|x Social condition.
|9 24143
|
| 710 |
|
|
|a BRAC.
|b Research and Evaluation Division.
|9 14405
|
| 852 |
|
|
|a Ayesha Abed Library
|c BRAC Resource Section
|
| 942 |
|
|
|2 ddc
|c BK
|
| 999 |
|
|
|c 38788
|d 38788
|
| 952 |
|
|
|0 0
|1 0
|2 ddc
|4 0
|6 306_095492000000000_RES
|7 1
|8 RPT
|9 62247
|a BRACUL
|b BRACUL
|c BRS
|d 2017-12-10
|e BRAC
|l 0
|o 306.095492 RES
|p 3010032475
|r 2017-12-10
|t 1
|w 2017-12-10
|y BK
|x BRAC ; price not available in register
|
| 952 |
|
|
|0 0
|1 0
|2 ddc
|4 0
|6 306_095492000000000_RES
|7 1
|8 RPT
|9 75983
|a BRACUL
|b BRACUL
|c BRS
|d 2024-08-13
|e Complimentary copy from BRAC
|l 0
|o 306.095492 RES
|p 3010042865
|r 2024-08-13
|t 2
|w 2024-08-13
|y BK
|x Complimentary copy from BRAC ; price not available in register
|